Advanced engineering mathematics (Record no. 4411)
[ view plain ]
| 000 -LEADER | |
|---|---|
| fixed length control field | 00534 a2200193 4500 |
| 020 ## - INTERNATIONAL STANDARD BOOK NUMBER | |
| International Standard Book Number | 0-471-33328-X |
| 040 ## - CATALOGING SOURCE | |
| Original cataloging agency | Library of Congress |
| Language of cataloging | English |
| 082 ## - DEWEY DECIMAL CLASSIFICATION NUMBER | |
| Classification number | 510.2462 |
| 100 1# - MAIN ENTRY--PERSONAL NAME | |
| Personal name | Kreyszig, Erwin |
| 245 00 - TITLE STATEMENT | |
| Title | Advanced engineering mathematics |
| Statement of responsibility, etc. | Erwin Kreyszig |
| 250 ## - EDITION STATEMENT | |
| Edition statement | 8th ed. |
| 260 ## - PUBLICATION, DISTRIBUTION, ETC. | |
| Place of publication, distribution, etc. | New York : |
| Name of publisher, distributor, etc. | Wiley, |
| Date of publication, distribution, etc. | c1999. |
| 300 ## - PHYSICAL DESCRIPTION | |
| Extent | xvi, 1156, 97, 20 p. : |
| Other physical details | ill. |
| 650 #7 - SUBJECT ADDED ENTRY--TOPICAL TERM | |
| Topical term or geographic name entry element | Mathematical physics |
| 650 #7 - SUBJECT ADDED ENTRY--TOPICAL TERM | |
| Topical term or geographic name entry element | Mathematics |
| 650 #7 - SUBJECT ADDED ENTRY--TOPICAL TERM | |
| Topical term or geographic name entry element | Mathematics |
| 650 #7 - SUBJECT ADDED ENTRY--TOPICAL TERM | |
| Topical term or geographic name entry element | Mathematics (Engineering) |
| 942 ## - ADDED ENTRY ELEMENTS (KOHA) | |
| Koha item type | Book |
| Call number prefix | 510.2462 KRE |
| Source of classification or shelving scheme | |
| Withdrawn status | Lost status | Damaged status | Not for loan | Collection code | Permanent Location | Current Location | Shelving location | Date acquired | Source of acquisition | Cost, normal purchase price | Total Checkouts | Full call number | Barcode | Date last seen | Date last checked out | Price effective from | Koha item type | Total Renewals |
|---|---|---|---|---|---|---|---|---|---|---|---|---|---|---|---|---|---|---|
| Central Library (CL) | Central Library (CL) | General Stacks | 03/09/2004 | Allied Book Company | 2337.57 | 5 | 510.2462 KRE | SEECS004217 | 10/17/2016 | 10/17/2016 | 01/05/2017 | Book | ||||||
| Central Library (CL) | Central Library (CL) | General Stacks | 02/18/2009 | Donation | 10 | 510.2462 KRE | SEECSD00311 | 05/31/2024 | 01/30/2024 | 01/05/2017 | Book | 2 | ||||||
| Central Library (CL) | Central Library (CL) | General Stacks | 01/16/2002 | Pak Book Corporation | 825.41 | 3 | 510.2462 KRE | SEECS001737 | 09/13/2015 | 09/13/2015 | 01/05/2017 | Book |
